000 01233nam a2200325Ia 4500
001 ebr10587588
003 CaPaEBR
006 m u
007 cr cn|||||||||
008 120830s2012 inua s 001 0 eng d
010 _z 2012941759
020 _z9781118339787
020 _z9781118467565 (ebook)
040 _aCaPaEBR
_cCaPaEBR
035 _a(OCoLC)806466239
050 1 4 _aNA2728
_b.B65 2013eb
100 1 _aBokmiller, Don.
245 1 0 _aMastering Autodesk Revit MEP 2013
_h[electronic resource] /
_cDon Bokmiller, Plamen Hristov, Simon Whitbread.
260 _aIndianapolis, IN :
_bWIley Pub. Inc.,
_cc2012.
300 _axxix, 688 p. :
_bill.
500 _aIncludes index.
533 _aElectronic reproduction.
_bPalo Alto, Calif. :
_cebrary,
_d2011.
_nAvailable via World Wide Web.
_nAccess may be limited to ebrary affiliated libraries.
650 0 _aArchitectural design
_xData processing.
650 0 _aPlumbing drafting.
655 7 _aElectronic books.
_2local
700 1 _aHristov, Plamen.
700 1 _aWhitbread, Simon,
_d1962-
710 2 _aebrary, Inc.
856 4 0 _uhttp://site.ebrary.com/lib/rucke/Doc?id=10587588
_zAn electronic book accessible through the World Wide Web; click to view
999 _c107929
_d107929